The Korean Communist movement, 1918-1948.

Bibliographic Details
Main Author: Suh, Dae-Sook, 1931-
Format: Book
Language:English
Published: Princeton, N.J. : Princeton University Press, 1967.
Series:Studies of the East Asian Institute.
Subjects:

MARC

Tag First Indicator Second Indicator Subfields
LEADER 00000cam a22000001 4500
001 in00000051593
005 20151007072029.0
008 731212s1967 njub b 00000 eng
010 |a  66017711  
035 |a (OCoLC)00364682 
035 |9 AAE7104AM 
040 |a DLC  |c DLC  |d TXA  |d UtOrBLW 
043 |a a-ko--- 
049 |a TXAM  |c 1 [909409]  |c 2 [466519] 
050 0 0 |a HX415.5.A6  |b S9 1967 
082 0 |a 329.9/519 
100 1 |a Suh, Dae-Sook,  |d 1931- 
245 1 4 |a The Korean Communist movement, 1918-1948. 
264 1 |a Princeton, N.J. :  |b Princeton University Press,  |c 1967. 
300 |a xix, 406 pages :  |b maps. ;  |c 24 cm. 
336 |a text  |b txt  |2 rdacontent 
337 |a unmediated  |b n  |2 rdamedia 
338 |a volume  |b nc  |2 rdacarrier 
490 1 |a Studies of the East Asian Institute, Columbia University 
500 |a Revision of the author's thesis, Columbia University, 1964. 
504 |a Bibliography: pages [339]-380. 
650 0 |a Communism  |z Korea  |x History. 
830 0 |a Studies of the East Asian Institute. 
999 |a MARS 
999 f f |s fc008c6e-3300-3e8e-9c94-cc770be95172  |i f1ebd384-cd54-3822-9044-44b9fa2a98bb  |t 0 
952 f f |p normal  |a Texas A&M University  |b College Station  |c Sterling C. Evans Library  |d Evans: Library Stacks  |t 0  |e HX415.5.A6 S9 1967  |h Library of Congress classification  |i unmediated -- volume  |m A14803058198 
998 f f |a HX415.5.A6 S9 1967  |t 0  |l Evans: Library Stacks